Radu Bogdan Andreescu. (Record no. 63655)
[ view plain ]
| 000 -LEADER | |
|---|---|
| fixed length control field | 00575cam1a220020500 4500 |
| 001 - CONTROL NUMBER | |
| control field | tmp15334452 |
| 003 - CONTROL NUMBER IDENTIFIER | |
| control field | UPRA |
| 005 - DATE AND TIME OF LATEST TRANSACTION | |
| control field | 20190815102014.0 |
| 008 - FIXED-LENGTH DATA ELEMENTS--GENERAL INFORMATION | |
| fixed length control field | 950731m19699999rm rum u |
| 035 ## - SYSTEM CONTROL NUMBER | |
| System control number | (Sirsi) r120535 |
| 035 ## - SYSTEM CONTROL NUMBER | |
| System control number | (UPRA)tmp15334452 |
| 040 ## - CATALOGING SOURCE | |
| Transcribing agency | UPRA |
| 100 1# - MAIN ENTRY--PERSONAL NAME | |
| Personal name | Andreescu, Radu Bogdan. |
| Linkage | A87038.1 |
| 245 10 - TITLE STATEMENT | |
| Title | Radu Bogdan Andreescu. |
| 260 ## - PUBLICATION, DISTRIBUTION, ETC. | |
| Place of publication, distribution, etc. | Bucuresti : |
| Name of publisher, distributor, etc. | Moridiane, |
| Date of publication, distribution, etc. | 1969- |
| 504 ## - BIBLIOGRAPHY, ETC. NOTE | |
| Bibliography, etc. note | Bibliography: v. 1, p. 337-347. |
| 505 1# - FORMATTED CONTENTS NOTE | |
| Formatted contents note | v. 1. Artistul ^in epoca |
| 949 ## - LOCAL PROCESSING INFORMATION (OCLC) | |
| a | ND933 |
| v | VOL. 1 |
| w | lcc |
| i | -173354 |
| m | MAIN |
| t | BOOK |
| l | ON-SHELF |
No items available.